000 00904nam a2200289Ia 4500
003 OSt
005 20220928105933.0
008 210716s2015 xx 000 0 und d
020 _a9781491946954
040 _cAIMIT LIBRARY
041 _aeng
082 _a005.448
_21
_bFIFT
100 _aFifield, Tom.
_958591
245 _aOpenstack operations guide /
_cBy Tom Fifield...[et. al.].
250 _a1st ed.
260 _aNew Delhi :
_bShroff Publishers and Distributors Pvt Ltd ,
_c2015 .
300 _axxiv, 302p. ;
_bPB
_c23 cm.
650 _aProvisioning and deployment
_958592
650 _aNetwork troubleshooting
_958593
700 _aFleming, Diane.
_958594
700 _aGentle, Anne.
_958595
700 _aHochstein, Lorin.
_958596
700 _aProulx, Jonathan.
_958597
700 _aToews, Everett.
_958598
700 _aTopjian, Joe.
_958599
942 _2ddc
_cBK
_e1st
_k005.448 FIFT
999 _c195230
_d195230